Un régimen consolidado de bienestar con desigualdades sociales persistentes (Registro nro. 4123)

Detalles MARC
000 -LEADER
fixed length control field 01471 a2200277 4500
001 - CONTROL NUMBER
control field 46042
005 - DATE AND TIME OF LATEST TRANSACTION
control field 20260407155733.0
008 - FIXED-LENGTH DATA ELEMENTS--GENERAL INFORMATION
fixed length control field 260407a2014 arg spa d
003 - CONTROL NUMBER IDENTIFIER
control field AR-UNSa-BCEJYS
040 ## - CATALOGING SOURCE
Original cataloging agency AR-UNSa-BCEJYS
Language of cataloging spa
Transcribing agency AR-UNSa-BCEJYS
080 ## - UNIVERSAL DECIMAL CLASSIFICATION NUMBER
Universal Decimal Classification number 330(82)
Common auxiliary subdivision Economia Argentina
020 ## - INTERNATIONAL STANDARD BOOK NUMBER
International Standard Book Number 978-987-620-265-7
100 1# - MAIN ENTRY--PERSONAL NAME
Personal name Bonfiglio, Juan Ignacio
245 10 - TITLE STATEMENT
Title Un régimen consolidado de bienestar con desigualdades sociales persistentes
Name of part/section of a work claroscuros en el desarollo humano y la integración social (201-2013)
264 #1 - PRODUCTION, PUBLICATION, DISTRIBUTION, MANUFACTURE, AND COPYRIGHT NOTICE
Place of production, publication, distribution, manufacture Buenos Aires :
Name of producer, publisher, distributor, manufacturer Fundación Católica Argentina
Date of production, publication, distribution, manufacture, or copyright notice 2014
300 ## - PHYSICAL DESCRIPTION
Extent 257 p.
Dimensions 27 cm.
505 ## - FORMATTED CONTENTS NOTE
Formatted contents note 1. Capacidad de subsistencia económica de los hogares / Julieta Vera – 2. Hábitat urbano, vivienda digna, accesos a servicios públicos y condiciones ambientales saludables / Juan Ignacio Bonfiglio – 3. Derechos laborales y seguridad social / Eduardo Donza – 4. Condiciones y prevención de la salud, recursos psicológicos y redes de contención social / Solange Rodríguez Espínola – 5. Cultura democrática, confianza institucional y vida ciudadana / Carolina Moreno.
590 ## - LOCAL NOTE (RLIN)
Local note niveau_biblio:m niveau_hierar:0
700 1# - ADDED ENTRY--PERSONAL NAME
Personal name Salvia, Agustín
700 1# - ADDED ENTRY--PERSONAL NAME
Personal name Donza, Eduardo
700 1# - ADDED ENTRY--PERSONAL NAME
Personal name Moreno, Carolina
700 1# - ADDED ENTRY--PERSONAL NAME
Personal name Rodríguez Espínola, Solange
700 1# - ADDED ENTRY--PERSONAL NAME
Personal name Vera, Julieta
856 41 - ELECTRONIC LOCATION AND ACCESS
Uniform Resource Identifier <a href="https://www.biblioeco.unsa.edu.ar/pmb/images/libros/L127289.jpg">https://www.biblioeco.unsa.edu.ar/pmb/images/libros/L127289.jpg</a>
Link text Imagen de portada
Electronic format type image/jpeg
942 ## - ADDED ENTRY ELEMENTS (KOHA)
Koha item type
Existencias
Withdrawn status Lost status Damaged status Not for loan Home library Current library Shelving location Date acquired Total checkouts Full call number Barcode Date last seen Price effective from Koha item type
        Biblioteca Prof. Eusebio Cleto del Rey Biblioteca Prof. Eusebio Cleto del Rey   07/04/2026   330(82) S184 L127289 07/04/2026 07/04/2026 Libro